[Event "43rd Guernsey International Open"]
[Site "?"]
[Date "2017.10.15"]
[Round "1"]
[White "Le Roux, Jean Pierre"]
[Black "Rowe, Peter"]
[Result "1-0"]
[WhiteElo "2554"]
[BlackElo "1974"]
[PlyCount "27"]
[EventDate "2017.10.15"]
[EventType "swiss"]
[EventRounds "7"]
[SourceDate "2017.11.01"]
[SourceVersionDate "2017.11.01"]

1. d4 d6 2. e4 Nf6 3. Nc3 Nbd7 4. g3 e5 5. Nge2 Be7 6. Bg2 O-O 7. O-O c6 8. a4
a5 9. h3 Qc7 10. g4 Rd8 11. d5 Rb8 12. Ng3 cxd5 13. g5 d4 14. Nb5 1-0

[Event "43rd Guernsey International Open"]
[Site "?"]
[Date "2017.10.15"]
[Round "1"]
[White "Van Gils, Martin"]
[Black "Hillarp Persson, Tiger"]
[Result "0-1"]
[WhiteElo "1978"]
[BlackElo "2517"]
[PlyCount "78"]
[EventDate "2017.10.15"]
[EventType "swiss"]
[EventRounds "7"]
[SourceDate "2017.11.01"]
[SourceVersionDate "2017.11.01"]

1. Nf3 g6 2. g3 Bg7 3. Bg2 d6 4. d3 e5 5. c4 Ne7 6. Nc3 O-O 7. Bg5 f6 8. Bd2 h6
9. Qc2 f5 10. h3 c6 11. O-O-O d5 12. e4 d4 13. Nb1 fxe4 14. dxe4 Be6 15. g4 a5
16. Rhf1 Na6 17. Ne1 b5 18. c5 Bc4 19. Nd3 Bxd3 20. Qxd3 Nxc5 21. Qc2 Qd6 22.
b4 Ne6 23. bxa5 Kh7 24. h4 Nf4 25. Bxf4 Rxf4 26. h5 Rxa5 27. f3 Rf8 28. Rh1
Rfa8 29. a3 g5 30. Rd2 c5 31. Bf1 c4 32. Rf2 Rxa3 33. Nxa3 Rxa3 34. Qb2 d3 35.
Rhh2 Nc6 36. Qxb5 Ra1+ 37. Kd2 Qd4 38. Qxc6 Ra2+ 39. Kd1 Qa1# 0-1

[Event "43rd Guernsey International Open"]
[Site "?"]
[Date "2017.10.15"]
[Round "1"]
[White "Enkhtuul, Altan Ulzii"]
[Black "Sedgwick, David R"]
[Result "1-0"]
[WhiteElo "2327"]
[BlackElo "1972"]
[PlyCount "57"]
[EventDate "2017.10.15"]
[EventType "swiss"]
[EventRounds "7"]
[SourceDate "2017.11.01"]
[SourceVersionDate "2017.11.01"]

1. d4 d5 2. Nf3 c5 3. c4 e6 4. cxd5 exd5 5. Na3 Nf6 6. Bg5 Be6 7. e3 Nc6 8. Be2
Be7 9. O-O O-O 10. Bxf6 Bxf6 11. dxc5 Qa5 12. Rc1 Rfd8 13. Nd4 Nxd4 14. exd4
Qb4 15. Nb5 Bd7 16. Nc7 Rab8 17. Nxd5 Qxd4 18. Nxf6+ Qxf6 19. Rc3 Bc6 20. Qc1
Qe6 21. Bc4 Qf5 22. Rg3 Rd4 23. Qc3 Rg4 24. b4 Rd8 25. b5 Rxg3 26. Qxg3 Be8 27.
Qc7 Rc8 28. Re1 h6 29. Qxb7 1-0

[Event "43rd Guernsey International Open"]
[Site "?"]
[Date "2017.10.15"]
[Round "1"]
[White "Dijksterhuis, Rolf"]
[Black "Johnsen, Gunnar"]
[Result "1/2-1/2"]
[WhiteElo "1955"]
[BlackElo "2178"]
[PlyCount "62"]
[EventDate "2017.10.15"]
[EventType "swiss"]
[EventRounds "7"]
[SourceDate "2017.11.01"]
[SourceVersionDate "2017.11.01"]

1. e4 e6 2. d4 d5 3. Nc3 Bb4 4. Nge2 Nc6 5. e5 Nge7 6. Ng3 Nf5 7. Nxf5 exf5 8.
Be2 Be6 9. O-O O-O 10. Bf3 Be7 11. Re1 Qd7 12. g3 Rad8 13. h4 f6 14. exf6 Bxf6
15. Ne2 Rfe8 16. c3 Bf7 17. Nf4 Rxe1+ 18. Qxe1 Re8 19. Qf1 Ne7 20. Bd2 Nc8 21.
Re1 c6 22. Rxe8+ Qxe8 23. Qe2 Qxe2 24. Bxe2 Nd6 25. f3 Kf8 26. Kf2 Ke7 27. b3
g6 28. Nd3 Be6 29. Bf4 Nb5 30. Bd2 Nd6 31. Bf4 Nb5 1/2-1/2

[Event "43rd Guernsey International Open"]
[Site "?"]
[Date "2017.10.15"]
[Round "1"]
[White "Jackson, Oliver A"]
[Black "Shaw, Meyrick"]
[Result "1-0"]
[WhiteElo "2168"]
[BlackElo "1954"]
[PlyCount "49"]
[EventDate "2017.10.15"]
[EventType "swiss"]
[EventRounds "7"]
[SourceDate "2017.11.01"]
[SourceVersionDate "2017.11.01"]

1. e4 c5 2. Nc3 Nc6 3. f4 d6 4. Nf3 g6 5. Bc4 Bg7 6. O-O e6 7. d3 a6 8. f5 b5
9. fxe6 fxe6 10. Bb3 Qb6 11. Qe1 Nge7 12. Kh1 Nd4 13. Nxd4 cxd4 14. Ne2 Nc6 15.
Bd2 Ra7 16. c3 dxc3 17. Bxc3 Rf8 18. Rxf8+ Kxf8 19. Nf4 Re7 20. Bxg7+ Kxg7 21.
Qc3+ Kg8 22. Rc1 Na7 23. Qf6 Qe3 24. Rf1 Nc6 25. Nd5 1-0

[Event "43rd Guernsey International Open"]
[Site "?"]
[Date "2017.10.15"]
[Round "1"]
[White "Marley, Andrew SG"]
[Black "Whatley, Stephen AJ"]
[Result "0-1"]
[WhiteElo "1949"]
[BlackElo "2159"]
[PlyCount "56"]
[EventDate "2017.10.15"]
[EventType "swiss"]
[EventRounds "7"]
[SourceDate "2017.11.01"]
[SourceVersionDate "2017.11.01"]

1. c4 f5 2. g3 Nf6 3. Bg2 d6 4. Nc3 c6 5. d3 g6 6. e4 Bg7 7. Nge2 O-O 8. O-O e5
9. b4 Nh5 10. exf5 gxf5 11. Rb1 f4 12. Bf3 Nf6 13. b5 Bh3 14. Re1 Ng4 15. bxc6
bxc6 16. Ne4 d5 17. cxd5 cxd5 18. Nd2 Nc6 19. Nc3 fxg3 20. hxg3 Nxf2 21. Bxd5+
Qxd5 22. Nxd5 Nxd1 23. Rxd1 Rad8 24. Rb5 Be6 25. Nc7 Bg4 26. Re1 Nd4 27. Rb7
Bh6 28. Nb3 Nf3+ 0-1

[Event "43rd Guernsey International Open"]
[Site "?"]
[Date "2017.10.15"]
[Round "1"]
[White "Mack, Wolfgang"]
[Black "Prill, Gerhard"]
[Result "1-0"]
[WhiteElo "2149"]
[BlackElo "1948"]
[PlyCount "87"]
[EventDate "2017.10.15"]
[EventType "swiss"]
[EventRounds "7"]
[SourceDate "2017.11.01"]
[SourceVersionDate "2017.11.01"]

1. g3 d5 2. c4 e6 3. Nf3 Nf6 4. b3 c5 5. Bb2 Be7 6. Bg2 Nc6 7. cxd5 exd5 8. O-O
Bf5 9. d4 b6 10. Nc3 O-O 11. Rc1 Rc8 12. h3 h6 13. Ne5 Be6 14. e3 Qc7 15. f4
Rcd8 16. f5 Bc8 17. Nb5 Qb7 18. Nxc6 Qxc6 19. Nxa7 Qc7 20. Nxc8 Rxc8 21. g4
Rfd8 22. a4 Qa7 23. Qe2 Rd7 24. Rfd1 Re8 25. Kh1 Qa8 26. Qb5 Qd8 27. Rc2 Bf8
28. dxc5 Bxc5 29. Bxf6 gxf6 30. e4 Re5 31. b4 Be3 32. exd5 Qe7 33. Re2 Rd6 34.
Qd3 Bg5 35. Rxe5 Qxe5 36. a5 bxa5 37. bxa5 Qb2 38. Qg3 Qb4 39. Ra1 Bf4 40. Qa3
Qd2 41. a6 Rxd5 42. a7 Rd3 43. a8=Q+ Kh7 44. Qa2 1-0

[Event "43rd Guernsey International Open"]
[Site "?"]
[Date "2017.10.15"]
[Round "1"]
[White "Morcom, Huw"]
[Black "Maloberti, David"]
[Result "1/2-1/2"]
[WhiteElo "1936"]
[BlackElo "2132"]
[PlyCount "72"]
[EventDate "2017.10.15"]
[EventType "swiss"]
[EventRounds "7"]
[SourceDate "2017.11.01"]
[SourceVersionDate "2017.11.01"]

1. Nf3 Nf6 2. d3 g6 3. e4 d6 4. Be2 Bg7 5. h3 O-O 6. c3 c5 7. O-O Nc6 8. Nbd2
Nh5 9. Nc4 b5 10. Na3 b4 11. cxb4 cxb4 12. Nc4 e5 13. Bg5 f6 14. Be3 d5 15.
exd5 Qxd5 16. Nfd2 Bb7 17. Ne4 Nd4 18. Bxd4 Qxd4 19. Bxh5 Bxe4 20. dxe4 Qxc4
21. Be2 Qd4 22. Qb3+ Kh8 23. Rfd1 Qb6 24. Rd5 f5 25. Rb5 Qf6 26. Rxb4 fxe4 27.
Rf1 Qf4 28. Bf3 Rac8 29. Rxe4 Qd2 30. Rd1 Rc1 31. Rxc1 Qxc1+ 32. Kh2 Qd2 33.
Re2 Qf4+ 34. Kg1 Qc1+ 35. Kh2 Qf4+ 36. Kg1 Qc1+ 1/2-1/2

[Event "43rd Guernsey International Open"]
[Site "?"]
[Date "2017.10.15"]
[Round "1"]
[White "Timmermans, Ivo"]
[Black "Agustsson, Hafsteinn"]
[Result "1-0"]
[WhiteElo "2126"]
[BlackElo "1925"]
[PlyCount "47"]
[EventDate "2017.10.15"]
[EventType "swiss"]
[EventRounds "7"]
[SourceDate "2017.11.01"]
[SourceVersionDate "2017.11.01"]

1. e4 c5 2. Nf3 Nc6 3. Bb5 e6 4. c3 a6 5. Bxc6 bxc6 6. O-O d5 7. Qa4 Bd7 8. d3
Qc7 9. Re1 Ne7 10. Nbd2 Ng6 11. e5 Be7 12. Qg4 h5 13. Qg3 O-O-O 14. Nb3 Rdf8
15. Be3 Qb6 16. Rab1 a5 17. d4 c4 18. Nc5 Qc7 19. h4 Qd8 20. b3 Nxh4 21. bxc4
Nf5 22. Na6 Qc7 23. Nxc7 Nxg3 24. Na6 1-0

[Event "43rd Guernsey International Open"]
[Site "?"]
[Date "2017.10.15"]
[Round "1"]
[White "Fassaert, Desire JM"]
[Black "Hoogland, Dirk"]
[Result "1/2-1/2"]
[WhiteElo "1923"]
[BlackElo "2098"]
[PlyCount "146"]
[EventDate "2017.10.15"]
[EventType "swiss"]
[EventRounds "7"]
[SourceDate "2017.11.01"]
[SourceVersionDate "2017.11.01"]

1. Nf3 c5 2. c4 Nc6 3. d4 cxd4 4. Nxd4 g6 5. e4 Nf6 6. Nc3 d6 7. Be2 Nxd4 8.
Qxd4 Bg7 9. O-O O-O 10. Qd1 Be6 11. Be3 Qa5 12. f3 Rfc8 13. Nd5 Nxd5 14. cxd5
Bd7 15. Qb3 Rc7 16. Rfc1 Rac8 17. Rxc7 Rxc7 18. Kf1 Ba4 19. Qa3 Rc2 20. b4 Qc7
21. Rc1 b5 22. Bd3 Rxc1+ 23. Qxc1 Qxc1+ 24. Bxc1 Bc3 25. a3 e6 26. dxe6 fxe6
27. Ke2 Kf7 28. Bb1 d5 29. exd5 exd5 30. Ba2 Ke6 31. Kd3 Be5 32. f4 Bc7 33. g3
Bd1 34. Bb2 Bf3 35. Bd4 a5 36. bxa5 Bxa5 37. Bc3 Bd8 38. Bb3 Be4+ 39. Ke3 Bb6+
40. Bd4 Ba5 41. Bc5 h5 42. Bd1 Kd7 43. Be2 Kc6 44. Bd4 Bd8 45. Bc3 Be7 46. Bb4
Bc5+ 47. Bxc5 Kxc5 48. h3 Bg2 49. Bd3 d4+ 50. Kd2 Bxh3 51. Bxg6 Bg4 52. Kd3 Kd5
53. Be4+ Kc5 54. f5 Bd1 55. f6 Bb3 56. Bg6 Bc4+ 57. Kd2 Kd6 58. Bxh5 Ke6 59. f7
Ke7 60. g4 Bd5 61. g5 Be4 62. Be2 Kxf7 63. Bxb5 Ke7 64. Bd3 Bc6 65. g6 Kf8 66.
Ke2 Ba4 67. Kf3 Bc6+ 68. Kf4 Be8 69. Bc2 Bc6 70. Be4 Ba4 71. Bd3 Bc6 72. Bf5
Ba4 73. Bd3 Bc6 1/2-1/2

[Event "43rd Guernsey International Open"]
[Site "?"]
[Date "2017.10.15"]
[Round "1"]
[White "Curtis, John E"]
[Black "Hawkins, James NH"]
[Result "1/2-1/2"]
[WhiteElo "2093"]
[BlackElo "1920"]
[PlyCount "48"]
[EventDate "2017.10.15"]
[EventType "swiss"]
[EventRounds "7"]
[SourceDate "2017.11.01"]
[SourceVersionDate "2017.11.01"]

1. d4 Nf6 2. Nf3 e6 3. e3 b6 4. Bd3 Bb7 5. Nbd2 d5 6. O-O Nbd7 7. b3 g6 8. Bb2
Bg7 9. c4 O-O 10. Rc1 Ne4 11. Qc2 Nxd2 12. Nxd2 Rc8 13. cxd5 exd5 14. Nf3 Re8
15. Rfd1 Qe7 16. Qe2 Nb8 17. Rd2 Red8 18. Rdc2 a6 19. Qd2 f6 20. b4 Bf8 21. b5
axb5 22. Bxb5 c6 23. Bd3 Nd7 24. Re1 f5 1/2-1/2

[Event "43rd Guernsey International Open"]
[Site "?"]
[Date "2017.10.15"]
[Round "1"]
[White "Strade, Arita"]
[Black "Reijneveld, Ad"]
[Result "1/2-1/2"]
[WhiteElo "1917"]
[BlackElo "2078"]
[PlyCount "63"]
[EventDate "2017.10.15"]
[EventType "swiss"]
[EventRounds "7"]
[SourceDate "2017.11.01"]
[SourceVersionDate "2017.11.01"]

1. e4 c5 2. Nf3 Nc6 3. d4 cxd4 4. Nxd4 g6 5. c4 Bg7 6. Be3 Nf6 7. Nc3 d6 8. Be2
O-O 9. O-O Bd7 10. h3 Nxd4 11. Bxd4 Bc6 12. Bf3 Nd7 13. Bxg7 Kxg7 14. g3 Qb6
15. b3 a5 16. a4 Kg8 17. Rb1 Rfd8 18. Bg2 Nc5 19. Re1 Ne6 20. Re3 Rac8 21. Nd5
Bxd5 22. exd5 Nc5 23. Rxe7 Re8 24. Rxe8+ Rxe8 25. h4 Re5 26. Bf3 h5 27. Qc2 Qb4
28. Kg2 Kg7 29. Rb2 Qe1 30. Rb1 Qb4 31. Rb2 Qe1 32. Rb1 1/2-1/2

[Event "43rd Guernsey International Open"]
[Site "?"]
[Date "2017.10.15"]
[Round "1"]
[White "Dilleigh, Stephen P"]
[Black "Hoogland, Rob"]
[Result "1-0"]
[WhiteElo "2063"]
[BlackElo "1915"]
[PlyCount "99"]
[EventDate "2017.10.15"]
[EventType "swiss"]
[EventRounds "7"]
[SourceDate "2017.11.01"]
[SourceVersionDate "2017.11.01"]

1. Nf3 c5 2. c4 Nc6 3. Nc3 g6 4. e3 Bg7 5. d4 cxd4 6. exd4 d6 7. d5 Nb8 8. h3
Nf6 9. Be2 a5 10. O-O O-O 11. Be3 Nbd7 12. Qc1 Nc5 13. Bh6 Bd7 14. Bxg7 Kxg7
15. Qe3 Re8 16. Qd4 Kg8 17. Rad1 Qb6 18. Rd2 Rac8 19. Qh4 Kg7 20. Re1 a4 21.
Bf1 a3 22. b3 Qa5 23. Qd4 Bf5 24. g4 e5 25. dxe6 Nxe6 26. Rxe6 Bxe6 27. g5 Qf5
28. Qxf6+ Qxf6 29. gxf6+ Kf8 30. Nb5 Rc6 31. Nxa3 Bc8 32. Nb5 d5 33. Rxd5 Rxf6
34. Nbd4 b6 35. Bg2 Kg7 36. Kh2 h6 37. Kg3 h5 38. h4 Re4 39. Ne5 Re1 40. Nd7
Bxd7 41. Rxd7 Ra1 42. a4 Ra2 43. f3 Kf8 44. Bh3 Kg8 45. Rd8+ Kg7 46. Bc8 Kh7
47. Bb7 Kg7 48. Rd7 Kf8 49. Bd5 Rd2 50. Bxf7 1-0

[Event "43rd Guernsey International Open"]
[Site "?"]
[Date "2017.10.15"]
[Round "1"]
[White "Burton, Ronnie"]
[Black "Hamperl, Fred"]
[Result "0-1"]
[WhiteElo "1911"]
[BlackElo "2062"]
[PlyCount "70"]
[EventDate "2017.10.15"]
[EventType "swiss"]
[EventRounds "7"]
[SourceDate "2017.11.01"]
[SourceVersionDate "2017.11.01"]

1. c4 e5 2. g3 Nc6 3. Bg2 g6 4. Nc3 Bg7 5. e3 f5 6. Nge2 Nf6 7. O-O O-O 8. a3
a5 9. Rb1 d6 10. b4 axb4 11. axb4 Ne7 12. Qb3 c6 13. d4 e4 14. d5 Ng4 15. Bb2
Ne5 16. Ra1 Rxa1 17. Bxa1 Qc7 18. c5 Kh8 19. dxc6 bxc6 20. Rd1 dxc5 21. bxc5
Qa5 22. Qb6 Qa3 23. Bb2 Qa6 24. Rd8 Nc4 25. Rxf8+ Bxf8 26. Qd8 Kg8 27. Bc1 Qa1
28. Qd4 Be6 29. Nb5 Qa5 30. Nbc3 Bg7 31. Qd1 Bxc3 32. Nxc3 Qxc3 33. Bf1 Bd5 34.
Kg2 Kf7 35. h4 Ng8 0-1

[Event "43rd Guernsey International Open"]
[Site "?"]
[Date "2017.10.15"]
[Round "1"]
[White "Purdon, Colin"]
[Black "Hickman, John E"]
[Result "1-0"]
[WhiteElo "2047"]
[BlackElo "1910"]
[PlyCount "61"]
[EventDate "2017.10.15"]
[EventType "swiss"]
[EventRounds "7"]
[SourceDate "2017.11.01"]
[SourceVersionDate "2017.11.01"]

1. d4 d5 2. c4 e6 3. Nc3 c5 4. cxd5 exd5 5. Nf3 Nc6 6. g3 Nf6 7. Bg2 Be7 8. O-O
O-O 9. Bg5 c4 10. b3 Qa5 11. Qd2 Be6 12. bxc4 dxc4 13. Bxf6 Bxf6 14. Rab1 Nb4
15. Ne4 Be7 16. a3 Qxa3 17. Ra1 Qb3 18. Rfc1 c3 19. Rxc3 Qd5 20. Ne5 Qb5 21.
Nc5 Rad8 22. Nxe6 fxe6 23. Qe3 Nd5 24. Bxd5 Qxd5 25. Rxa7 Qxd4 26. Qxd4 Rxd4
27. Rxb7 Bf6 28. Re3 Rd5 29. Nd7 Bd4 30. Nxf8 Bxe3 31. Nxe6 1-0

[Event "43rd Guernsey International Open"]
[Site "?"]
[Date "2017.10.15"]
[Round "1"]
[White "Van Hoek, Wim"]
[Black "Rosen, Daniel B"]
[Result "0-1"]
[WhiteElo "1907"]
[BlackElo "2042"]
[PlyCount "64"]
[EventDate "2017.10.15"]
[EventType "swiss"]
[EventRounds "7"]
[SourceDate "2017.11.01"]
[SourceVersionDate "2017.11.01"]

1. e4 g6 2. d4 d6 3. a3 Bg7 4. f4 Nf6 5. Nc3 O-O 6. Nf3 Bg4 7. Be3 Nbd7 8. Be2
c5 9. dxc5 Nxc5 10. Nd2 Bxe2 11. Qxe2 Qc8 12. Bxc5 Qxc5 13. Nb3 Qb6 14. Qf2
Qxf2+ 15. Kxf2 Ng4+ 16. Kf3 f5 17. exf5 gxf5 18. h3 Nf6 19. Rhe1 Rae8 20. Re6
Kf7 21. Rae1 Ne4 22. Nxe4 Kxe6 23. Ng5+ Kd7 24. c3 h6 25. Ne6 Rg8 26. g4 fxg4+
27. hxg4 Bf6 28. Nbd4 Bxd4 29. cxd4 Rc8 30. Re3 Rc2 31. b4 Rgc8 32. f5 R8c3 0-1

[Event "43rd Guernsey International Open"]
[Site "?"]
[Date "2017.10.15"]
[Round "1"]
[White "Bowmer, Kevin"]
[Black "Boerkamp, Harry"]
[Result "0-1"]
[WhiteElo "2041"]
[BlackElo "1896"]
[PlyCount "62"]
[EventDate "2017.10.15"]
[EventType "swiss"]
[EventRounds "7"]
[SourceDate "2017.11.01"]
[SourceVersionDate "2017.11.01"]

1. e4 e5 2. Nf3 Nc6 3. Bb5 f5 4. Nc3 fxe4 5. Nxe4 d5 6. Nxe5 dxe4 7. Nxc6 Qg5
8. Qe2 Nf6 9. f4 Qh4+ 10. g3 Qh3 11. Ne5+ c6 12. Bc4 Bc5 13. c3 Bf5 14. d4 exd3
15. Nxd3+ Be7 16. Bd2 Bg4 17. Qf1 Qh5 18. Ne5 O-O-O 19. h3 Bf5 20. Be2 Qe8 21.
O-O-O Ne4 22. Be1 Bc5 23. Qf3 Nd6 24. Bd3 Qe6 25. Kb1 Nf7 26. Nxf7 Qxf7 27.
Bxf5+ Qxf5+ 28. Kc1 Rxd1+ 29. Kxd1 Qb1+ 30. Ke2 Re8+ 31. Kd2 Qxb2+ 0-1

[Event "43rd Guernsey International Open"]
[Site "?"]
[Date "2017.10.15"]
[Round "1"]
[White "Von Saldern, Ruediger"]
[Black "Milnes, Anthony CP"]
[Result "0-1"]
[WhiteElo "1894"]
[BlackElo "2041"]
[PlyCount "84"]
[EventDate "2017.10.15"]
[EventType "swiss"]
[EventRounds "7"]
[SourceDate "2017.11.01"]
[SourceVersionDate "2017.11.01"]

1. d4 e6 2. c4 f5 3. Nc3 Nf6 4. Bg5 Bb4 5. Bxf6 Qxf6 6. e3 Bxc3+ 7. bxc3 b6 8.
Be2 Bb7 9. Bh5+ g6 10. Bf3 Nc6 11. Ne2 Na5 12. Bxb7 Nxb7 13. O-O O-O 14. Nf4
Nd6 15. Qa4 Rfd8 16. Nd3 a6 17. Qb3 Rdb8 18. Ne5 Qe7 19. Rad1 Nb7 20. Qb4 Re8
21. c5 b5 22. c4 c6 23. a4 a5 24. Qb3 b4 25. f3 Rac8 26. e4 Rf8 27. Kh1 Nd8 28.
exf5 Rxf5 29. Rfe1 Nf7 30. Ng4 Kg7 31. Qb2 h5 32. d5+ Kg8 33. dxe6 dxe6 34. Rd6
hxg4 35. Rexe6 Qf8 36. Rxg6+ Kh7 37. Rxg4 Nxd6 38. cxd6 Qf6 39. Qb1 Kh8 40. h3
Rd8 41. Qe4 Qa1+ 42. Kh2 Qe5+ 0-1

[Event "43rd Guernsey International Open"]
[Site "?"]
[Date "2017.10.15"]
[Round "1"]
[White "Kraft, Karl Heinz"]
[Black "Canonne, Antoine"]
[Result "1/2-1/2"]
[WhiteElo "2036"]
[BlackElo "1893"]
[PlyCount "112"]
[EventDate "2017.10.15"]
[EventType "swiss"]
[EventRounds "7"]
[SourceDate "2017.11.01"]
[SourceVersionDate "2017.11.01"]

1. e4 c5 2. c3 d6 3. d4 cxd4 4. cxd4 Nf6 5. Nc3 Nbd7 6. Nf3 e5 7. Bc4 Be7 8.
O-O O-O 9. Be3 exd4 10. Nxd4 Ne5 11. Bb3 a6 12. h3 b5 13. Nd5 Bd7 14. Nxf6+
Bxf6 15. Bd5 Rb8 16. b3 Ng6 17. Rc1 Ne7 18. Qh5 Bxd4 19. Bxd4 Nxd5 20. Qxd5 Be6
21. Qc6 d5 22. Qc3 Rc8 23. Qg3 f6 24. e5 f5 25. Rxc8 Qxc8 26. Qg5 Qd7 27. Rc1
Rc8 28. Qd2 Rxc1+ 29. Qxc1 Qc8 30. Qc5 Qxc5 31. Bxc5 Kf7 32. Kf1 Bd7 33. Ke2
Ke6 34. Bd4 Be8 35. Ke3 Bh5 36. Bc3 Kd7 37. Kd4 Kc6 38. Bb4 Bf7 39. Bf8 g6 40.
Bh6 Be6 41. Be3 a5 42. a3 Kb6 43. Bg5 a4 44. b4 Kc6 45. h4 Kb6 46. Be7 Kc6 47.
Bd8 Kd7 48. Bb6 Kc6 49. Bc5 Kd7 50. Ba7 Kc6 51. Ke3 Kd7 52. Bd4 Bf7 53. Kf4 h5
54. Kg5 Ke6 55. f4 Be8 56. Kh6 Kf7 1/2-1/2

[Event "43rd Guernsey International Open"]
[Site "?"]
[Date "2017.10.15"]
[Round "1"]
[White "Minnema, Rens"]
[Black "Heppell, Ian N"]
[Result "0-1"]
[WhiteElo "1892"]
[BlackElo "2034"]
[PlyCount "58"]
[EventDate "2017.10.15"]
[EventType "swiss"]
[EventRounds "7"]
[SourceDate "2017.11.01"]
[SourceVersionDate "2017.11.01"]

1. e4 e5 2. Nf3 d6 3. d4 exd4 4. Nxd4 Nf6 5. Nc3 Be7 6. Be2 O-O 7. Be3 Re8 8.
f3 c5 9. Nb3 Nc6 10. Qd2 a6 11. a4 Nb4 12. Bc4 Bd7 13. O-O Bc6 14. Rfd1 Qc7 15.
a5 Rad8 16. Qf2 d5 17. exd5 Nfxd5 18. Nxd5 Nxd5 19. Bxc5 Bxc5 20. Qxc5 Ne3 21.
Re1 Qf4 22. Bf1 Rd5 23. Qc3 Rh5 24. h3 Rxh3 25. Nd4 Qh2+ 26. Kf2 Qg3+ 27. Kg1
Qh2+ 28. Kf2 Ng4+ 29. fxg4 Rxc3 0-1

[Event "43rd Guernsey International Open"]
[Site "?"]
[Date "2017.10.15"]
[Round "1"]
[White "Havenaar, Jan"]
[Black "Schadd, Jan"]
[Result "1/2-1/2"]
[WhiteElo "2030"]
[BlackElo "1869"]
[PlyCount "40"]
[EventDate "2017.10.15"]
[EventType "swiss"]
[EventRounds "7"]
[SourceDate "2017.11.01"]
[SourceVersionDate "2017.11.01"]

1. Nc3 d5 2. e4 d4 3. Nce2 e5 4. Ng3 Be6 5. c3 c5 6. Bb5+ Nc6 7. Nf3 f6 8. Qe2
Nge7 9. O-O Qd7 10. b4 Ng6 11. bxc5 Nf4 12. Qd1 d3 13. Ba3 h5 14. Qa4 g6 15.
Rfb1 h4 16. Nf1 Bh3 17. Bxc6 bxc6 18. Ne3 Bxg2 19. Nxg2 Qg4 20. Nfe1 Nh3+
1/2-1/2

[Event "43rd Guernsey International Open"]
[Site "?"]
[Date "2017.10.15"]
[Round "1"]
[White "Magnussen, Pal"]
[Black "Prins, Jan"]
[Result "0-1"]
[WhiteElo "1867"]
[BlackElo "2025"]
[PlyCount "80"]
[EventDate "2017.10.15"]
[EventType "swiss"]
[EventRounds "7"]
[SourceDate "2017.11.01"]
[SourceVersionDate "2017.11.01"]

1. e4 c6 2. d4 d5 3. Nc3 dxe4 4. Nxe4 Bf5 5. Ng3 Bg6 6. h4 h6 7. h5 Bh7 8. Nf3
Nd7 9. Bd3 Bxd3 10. Qxd3 e6 11. Bd2 Ngf6 12. Qe2 Qb6 13. O-O c5 14. dxc5 Qxc5
15. Be3 Qa5 16. Rfd1 Be7 17. a3 Nxh5 18. Nxh5 Qxh5 19. Bxa7 Nf6 20. Be3 O-O 21.
c4 e5 22. Bf4 e4 23. Nd4 Qg6 24. b4 Nh5 25. Be5 f6 26. Bh2 f5 27. c5 Rad8 28.
Qc4+ Kh7 29. Re1 Rfe8 30. Rac1 Bg5 31. Rcd1 f4 32. c6 bxc6 33. Qxc6 Rd6 34. Qc5
Red8 35. Rd2 Rd5 36. Qc4 f3 37. Nxf3 Rxd2 38. Nxd2 Rxd2 39. Be5 e3 40. f4 Bxf4
0-1

[Event "43rd Guernsey International Open"]
[Site "?"]
[Date "2017.10.15"]
[Round "1"]
[White "Wager, John D"]
[Black "Brookfield, Toby"]
[Result "1-0"]
[WhiteElo "2025"]
[BlackElo "1859"]
[PlyCount "51"]
[EventDate "2017.10.15"]
[EventType "swiss"]
[EventRounds "7"]
[SourceDate "2017.11.01"]
[SourceVersionDate "2017.11.01"]

1. d4 e6 2. Nf3 f5 3. c4 Nf6 4. g3 Be7 5. Bg2 O-O 6. Nc3 d6 7. O-O Qe8 8. b4 a6
9. Qb3 Ne4 10. Nxe4 fxe4 11. Nd2 c5 12. Nxe4 cxd4 13. Bb2 Nc6 14. Rad1 Qh5 15.
Bxd4 Qxe2 16. Ba1 e5 17. c5+ d5 18. Nc3 Qh5 19. Nxd5 Kh8 20. Nxe7 Nxe7 21. Rfe1
Bg4 22. Rd6 Nc6 23. Bxc6 bxc6 24. Rxe5 Qh3 25. Re7 Rg8 26. Qc3 1-0

[Event "43rd Guernsey International Open"]
[Site "?"]
[Date "2017.10.15"]
[Round "1"]
[White "Spanton, Timothy R"]
[Black "Collier, David O"]
[Result "0-1"]
[WhiteElo "1858"]
[BlackElo "2015"]
[PlyCount "80"]
[EventDate "2017.10.15"]
[EventType "swiss"]
[EventRounds "7"]
[SourceDate "2017.11.01"]
[SourceVersionDate "2017.11.01"]

1. e4 c5 2. Nf3 d6 3. Bb5+ Bd7 4. Bxd7+ Qxd7 5. O-O g6 6. c3 Bg7 7. d4 cxd4 8.
cxd4 e6 9. Nc3 Ne7 10. d5 e5 11. Be3 O-O 12. Qb3 Na6 13. Qb5 Rfd8 14. Rfc1 Nc7
15. Qd3 h6 16. Nd2 f5 17. f3 f4 18. Bf2 g5 19. Rc2 Rdc8 20. Rac1 Bf8 21. Nc4
Na6 22. a3 Nc5 23. Bxc5 Rxc5 24. b4 Rcc8 25. Na5 b6 26. Nc6 Kh7 27. b5 Ng6 28.
Na2 g4 29. Nab4 Nh4 30. Qf1 Qg7 31. Kh1 Rc7 32. fxg4 Rf7 33. h3 Qg5 34. Rf2 Bg7
35. g3 fxg3 36. Rxf7 g2+ 37. Qxg2 Nxg2 38. Nd3 Qe3 39. Ne7 Qxh3+ 40. Kg1 Ne3
0-1

[Event "43rd Guernsey International Open"]
[Site "?"]
[Date "2017.10.15"]
[Round "1"]
[White "Taylor, Mark V"]
[Black "Bakker, Joop"]
[Result "0-1"]
[WhiteElo "2015"]
[BlackElo "1853"]
[PlyCount "52"]
[EventDate "2017.10.15"]
[EventType "swiss"]
[EventRounds "7"]
[SourceDate "2017.11.01"]
[SourceVersionDate "2017.11.01"]

1. d4 d6 2. e4 Nf6 3. Nc3 c6 4. f4 Bg4 5. Nf3 e6 6. Bd3 Nbd7 7. Be3 e5 8. Qd2
Bxf3 9. gxf3 exd4 10. Bxd4 Nc5 11. O-O-O Qa5 12. Kb1 O-O-O 13. f5 Be7 14. Bc4
Kb8 15. Bxf7 Rhf8 16. Bb3 Nxb3 17. axb3 g6 18. fxg6 hxg6 19. Be3 Qh5 20. Rhf1
Rh8 21. Rf2 Nd7 22. Ne2 Ne5 23. Nd4 Rdf8 24. f4 Ng4 25. Rg2 Nxe3 26. Qxe3 Qxd1+
0-1

[Event "43rd Guernsey International Open"]
[Site "?"]
[Date "2017.10.15"]
[Round "1"]
[White "Boldt, Heinrich"]
[Black "Thurlow, Kevin J"]
[Result "1/2-1/2"]
[WhiteElo "1835"]
[BlackElo "2009"]
[PlyCount "53"]
[EventDate "2017.10.15"]
[EventType "swiss"]
[EventRounds "7"]
[SourceDate "2017.11.01"]
[SourceVersionDate "2017.11.01"]

1. d4 Nf6 2. Bf4 e6 3. e3 c5 4. c3 d5 5. Nf3 Nc6 6. Nbd2 Bd6 7. Bg5 h6 8. Bh4
Qc7 9. Bd3 Bd7 10. dxc5 Bxc5 11. b4 Be7 12. Bg3 Bd6 13. Rc1 Rc8 14. O-O a6 15.
e4 Bxg3 16. fxg3 Qb6+ 17. Kh1 Ng4 18. Qe1 d4 19. Nc4 Qc7 20. cxd4 b5 21. Nce5
Ngxe5 22. Nxe5 O-O 23. Nxc6 Bxc6 24. d5 Qd7 25. dxc6 Qxd3 26. Rf3 Qd6 27. Qc3
1/2-1/2